Statistiques concernant Les noms de Mammifères par lettres -Q / R

Cliquez ici pour prendre le quiz!

Statistiques générales

  • Ce quiz a été pris 54 fois
  • Le résultat moyen est 10 sur 22

Statistiques - réponses

Réponse% Correct
Rat
100%
Renard
100%
Rhinocéros
100%
Raton
94%
Raton-laveur
92%
Renne
86%
Ragondin
84%
Rat-taupe
62%
Rorqual
58%
Ratel
42%
Rat musqué
42%
Quokka
40%
Roussette/ Renard volant
32%
Rhinopithèque
14%
Rhinolophe
8%
Raphicère
4%
Rat-kangourou
4%
Rat-viscache
2%
Rat-chinchilla
0%
Rat-épineux
0%
Rédunca
0%
Rhinopome
0%

Distribution des résultats

Percentile par nombre de réponses

% des personnes avec chaque résultat

Votre développement - résultats

Vous n’avez pas pris ce quiz